ARRUPE JESUIT UNIVERSITY

CORONAVIRUS -STOP THE SPREAD - CLEAN,DISINFECT,COVER

The Cambridge companion to epicureanism / (Record no. 119285)

MARC details
000 -LEADER
fixed length control field 01873cam a2200337 a 4500
001 - CONTROL NUMBER
control field 15636440
003 - CONTROL NUMBER IDENTIFIER
control field ARRUPE
005 - DATE AND TIME OF LATEST TRANSACTION
control field 20131216134533.0
008 - FIXED-LENGTH DATA ELEMENTS--GENERAL INFORMATION
fixed length control field 090224s2009 enk b 001 0 eng
010 ## - LIBRARY OF CONGRESS CONTROL NUMBER
LC control number 2009008249
015 ## - NATIONAL BIBLIOGRAPHY NUMBER
National bibliography number GBA944696
Source bnb
016 7# - NATIONAL BIBLIOGRAPHIC AGENCY CONTROL NUMBER
Record control number 015175076
Source Uk
020 ## - INTERNATIONAL STANDARD BOOK NUMBER
International Standard Book Number 9780521873475 (hardback)
020 ## - INTERNATIONAL STANDARD BOOK NUMBER
International Standard Book Number 0521873479 (hardback)
020 ## - INTERNATIONAL STANDARD BOOK NUMBER
International Standard Book Number 9780521695305 (pbk.)
020 ## - INTERNATIONAL STANDARD BOOK NUMBER
International Standard Book Number 0521695309 (pbk.)
035 ## - SYSTEM CONTROL NUMBER
System control number (OCoLC)ocn297147109
040 ## - CATALOGING SOURCE
Original cataloging agency DLC
Transcribing agency DLC
Modifying agency BTCTA
-- YDXCP
-- UKM
-- BWKUK
-- BWK
-- CDX
-- DLC
050 00 - LIBRARY OF CONGRESS CALL NUMBER
Classification number B512
Item number .C35 2009
082 00 - DEWEY DECIMAL CLASSIFICATION NUMBER
Classification number 187
Edition number 22
300 ## - PHYSICAL DESCRIPTION
Dimensions 24 cm.
245 04 - TITLE STATEMENT
Title The Cambridge companion to epicureanism /
Statement of responsibility, etc edited by James Warren.
260 ## - PUBLICATION, DISTRIBUTION, ETC. (IMPRINT)
Place of publication, distribution, etc Cambridge, UK ;
-- New York :
Name of publisher, distributor, etc Cambridge University Press,
Date of publication, distribution, etc 2009.
300 ## - PHYSICAL DESCRIPTION
Extent ix, 342 p. ;
504 ## - BIBLIOGRAPHY, ETC. NOTE
Bibliography, etc Includes bibliographical references and indexes.
505 0# - FORMATTED CONTENTS NOTE
Formatted contents note Introduction / James Warren -- The Athenian garden / Diskin Clay -- Epicureanism in the Roman Republic / David Sedley -- Epicureanism in the Roman Empire / Michael Erler -- Epicurean atomism / Pierre-Marie Morel -- Epicurean empiricism / Elizabeth Asmis -- Cosmology and meteorology / Liba Taub -- Psychology / Christopher Gill -- Action and responsibility / Tim O'Keefe -- Pleasure and desire / Raphael Woolf -- Politics and society / Eric Brown -- Philosophy of language / Catherine Atherton -- Poetry and rhetoric / David Blank -- Removing fear : the gods and death / James Warren -- Epicurean therapy : pedagogy and improvement / Voula Tsouna -- Epicureanism in the early modern period / Catherine Wilson.
650 #0 - SUBJECT ADDED ENTRY--TOPICAL TERM
Topical term or geographic name as entry element Epicureans (Greek philosophy)
9 (RLIN) 5784
700 1# - ADDED ENTRY--PERSONAL NAME
Personal name Warren, James,
Dates associated with a name 1974-
9 (RLIN) 5785
906 ## - LOCAL DATA ELEMENT F, LDF (RLIN)
a 7
b cbc
c orignew
d 1
e ecip
f 20
g y-gencatlg
942 ## - ADDED ENTRY ELEMENTS (KOHA)
Source of classification or shelving scheme Library of Congress Classification
Koha item type Monograph ( Printed materials)
Holdings
Withdrawn status Lost status Source of classification or shelving scheme Damaged status Not for loan Home library Current library Shelving location Date acquired Total Checkouts Full call number Barcode Date last seen Date checked out Price effective from Koha item type Collection code
    Library of Congress Classification     ARRUPE LIBRARY ARRUPE LIBRARY Main Collection 16/12/2013 1 B512 .C35 2009 464122576 29/11/2021 01/11/2021 16/12/2013 Monograph ( Printed materials)  
    Library of Congress Classification     ARRUPE LIBRARY ARRUPE LIBRARY Main Collection 18/08/2015   B512 .C35 2009 46500004192 18/08/2015   18/08/2015 Monograph ( Printed materials) Main Collection

 

Arrupe Library. PO Box MP320 Mt Pleasant, Harare, Zimbabwe
263 242 745411|librarian@aju.ac.zw